La Reforma de la seguridad social el acuerdo de 13 de julio de 2006 y su ulterior desarrollo normativo /

Detalles Bibliográficos
Otros Autores: Ferrando Garca̕, Francisca, Galiana Moreno, Jess︢ M.
Formato: Libro
Lenguaje:español
Publicado: Albacete : Bomarzo, 2007
Colección:Estudios (Bomarzo)
Materias:
Acceso en línea:Acceso restringido

MARC

LEADER 00000nam a2200000 a 4500
005 20110915115424.0
008 071123s2007 sp |||||| 000 ||spa|c
017 |a DL AB. 423-2007 
020 |a 9788496721319 
035 |a 5737 
040 |a vLex 
090 |c 2467  |d 2467 
245 0 3 |a La Reforma de la seguridad social   |h [Recurso electrn̤ico] :  |b el acuerdo de 13 de julio de 2006 y su ulterior desarrollo normativo /  |c Francisca Mara̕ Ferrando Garca̕ (coordinadora) ; Jess︢ Mara̕ Galiana Moreno ... [et al.] 
256 |a Servicio en ln̕ea. 
260 |a Albacete :  |b Bomarzo,  |c 2007 
300 |a 236 p.;  |c 24 cm 
490 1 |a Estudios 
504 |a Bibliografa̕ 
506 1 |a Contenido solo disponible en los productos indicados  |d vLex Global  |d vLex Global (Academic Edition, excluding Law Schools)  |d vLex Global (U.S. Academic Edition, Law Schools)  |d vLex Global (U.S. Academic Edition, excluding Law Schools)  |d vLex Global (Academic Edition, Law Schools) 
650 0 4 |a Seguridad social  |z Espaą 
700 1 |a Ferrando Garca̕, Francisca 
700 1 |a Galiana Moreno, Jess︢ M. 
740 0 |a vLex Libros (Servicio en ln̕ea) 
830 0 |a Estudios (Bomarzo) 
856 4 0 |u http://vlex.com/source/reforma-seguridad-social-5737  |z Acceso restringido 
942 |c BOOK